[Event "Adelaide Lidums"]
[Site "Adelaide"]
[Date "2019.12.13"]
[Round "9"]
[White "Lee, Aaron James"]
[Black "Kethro, Michael"]
[Result "0-1"]
[WhiteElo "2003"]
[BlackElo "2075"]
[PlyCount "100"]
[EventDate "2019.12.07"]
[EventType "tourn"]
[EventRounds "9"]
[EventCountry "AUS"]
[EventCategory "1"]
[SourceTitle "CBM 193 Extra"]
[Source "ChessBase"]
[SourceDate "2020.01.31"]
[SourceVersion "1"]
[SourceVersionDate "2020.01.31"]
[SourceQuality "1"]

1. e4 c5 2. Nf3 e6 3. d4 cxd4 4. c3 dxc3 5. Nxc3 Nc6 6. Bc4 d6 7. 0-0 a6 8. Qe2 Nf6 9. Rd1 Qc7 10. Bf4 Be7 11. Rac1 0-0 12. e5 dxe5 13. Nxe5 Bd6 14. Rxd6 Qxd6 15. Ng6 e5 16. Rd1 Nd4 17. Qxe5 Qxe5 18. Nxe5 Ne6 19. Be3 b5 20. Bd5 Nxd5 21. Nxd5 Bb7 22. Ne7+ Kh8 23. Bb6 f6 24. Nd7 Rf7 25. Nf5 Bc6 26. Nc5 Nxc5 27. Bxc5 Rd7 28. Nd6 a5 29. a3 a4 30. Kf1 Re8 31. f4 Re4 32. g3 Re6 33. Rd2 h6 34. Bb4 Kh7 35. g4 Bf3 36. h3 h5 37. gxh5 Bxh5 38. Kf2 Rde7 39. Nxb5 Re2+ 40. Kg3 Rxd2 41. Bxd2 Rb7 42. Nd4 Rxb2 43. Bb4 Be8 44. f5 Bd7 45. Kf4 Rf2+ 46. Kg3 Rf1 47. Ne6 Kg8 48. Nc5 Bb5 49. Kg4 Be2+ 50. Kg3 Bd1 0-1

[Event "Adelaide Lidums"]
[Site "Adelaide"]
[Date "2019.12.12"]
[Round "8"]
[White "Urkedal, Frode Olav Olsen"]
[Black "Lee, Aaron James"]
[Result "1-0"]
[WhiteElo "2545"]
[BlackElo "2003"]
[PlyCount "141"]
[EventDate "2019.12.07"]
[EventType "tourn"]
[EventRounds "9"]
[EventCountry "AUS"]
[EventCategory "1"]
[SourceTitle "CBM 193 Extra"]
[Source "ChessBase"]
[SourceDate "2020.01.31"]
[SourceVersion "1"]
[SourceVersionDate "2020.01.31"]
[SourceQuality "1"]

1. d4 d5 2. c4 e6 3. Nc3 Bb4 4. e3 Nf6 5. a3 Bxc3+ 6. bxc3 0-0 7. cxd5 exd5 8. Bd3 Re8 9. Ne2 Nbd7 10. 0-0 c5 11. f3 cxd4 12. cxd4 Nb6 13. a4 Bd7 14. a5 Nc8 15. g4 Bc6 16. Ng3 Nd6 17. Ra2 a6 18. Re1 h6 19. Kh1 Rc8 20. Rg1 Bb5 21. Bb1 Re7 22. Nf5 Rec7 23. Ba3 Nxf5 24. Bxf5 Bd7 25. Bb1 Nh7 26. Bc5 Rxc5 27. dxc5 Rxc5 28. Bxh7+ Kxh7 29. Qb1+ Kg8 30. Qxb7 Bb5 31. Rag2 Qf6 32. Qb8+ Kh7 33. Qf4 Qxf4 34. exf4 d4 35. Rd2 d3 36. Kg2 Rc4 37. f5 Ra4 38. Rc1 Rxa5 39. Rc7 f6 40. h4 Ra4 41. Kf2 Kg8 42. h5 Rd4 43. Ke3 Rd6 44. Rd1 Kh8 45. Kd2 Rd4 46. Rc8+ Kh7 47. Rdc1 Ra4 48. Rd8 Ra2+ 49. Ke3 Re2+ 50. Kf4 Rc2 51. Rxc2 dxc2 52. Rc8 Ba4 53. Ke3 Bb3 54. Kd2 a5 55. Kc1 a4 56. Ra8 Bd5 57. Rxa4 Bxf3 58. Kxc2 Bc6 59. Rc4 Bd5 60. Rd4 Bf7 61. Kc3 Bg8 62. Kb4 Ba2 63. Kc5 Bb3 64. Kd6 Bc2 65. Ke7 Kg8 66. Rd8+ Kh7 67. Kf8 Ba4 68. Ra8 Bb3 69. Ra7 Kh8 70. Rxg7 Bf7 71. Rg6 1-0

[Event "Adelaide Lidums YM"]
[Site "Adelaide"]
[Date "2016.12.06"]
[Round "3"]
[White "Gooch, Heath"]
[Black "Lee, Aaron James"]
[Result "1-0"]
[WhiteElo "1596"]
[BlackElo "1792"]
[PlyCount "171"]
[EventDate "2016.12.05"]
[EventType "tourn"]
[EventRounds "9"]
[EventCountry "AUS"]
[SourceTitle "CBM 176 Extra"]
[Source "ChessBase"]
[SourceDate "2017.03.02"]
[SourceVersion "1"]
[SourceVersionDate "2017.03.02"]
[SourceQuality "1"]

1. e4 d5 2. exd5 Nf6 3. d4 Qxd5 4. Nc3 Qd6 5. Bd3 c6 6. Nge2 g6 7. Bf4 Qd8 8. Qd2 Bg7 9. Bh6 Bxh6 10. Qxh6 Qa5 11. Qd2 Be6 12. a3 Nbd7 13. 0-0 Qh5 14. Rad1 g5 15. Ng3 Qh4 16. Nf5 Bxf5 17. Bxf5 e6 18. Qe3 0-0-0 19. Be4 Nd5 20. Nxd5 exd5 21. Bf5 Rhe8 22. Qg3 h6 23. Qxh4 gxh4 24. Rd3 Kc7 25. Rh3 Nb6 26. b3 Rd6 27. Rxh4 Rf6 28. Bd3 a5 29. a4 Kd6 30. Rh3 c5 31. dxc5+ Kxc5 32. Rh4 Nc8 33. f3 Re5 34. Kf2 Ne7 35. Re1 Nc6 36. Bb5 Rxe1 37. Kxe1 Nd4 38. Bd3 Ne6 39. Kd2 Nf4 40. g3 Ne6 41. f4 Nd4 42. Rh5 Re6 43. Kc3 Nc6 44. Kd2 Nd4 45. Kc3 Nc6 46. Kd2 Ne7 47. c4 Kb4 48. cxd5 Rd6 49. Bc4 f5 50. h3 Rg6 51. g4 Rf6 52. g5 hxg5 53. Rxg5 Kc5 54. Rg7 Kd6 55. Ke3 Rh6 56. Rg3 Rh4 57. Rf3 b6 58. Kd4 Ng6 59. Ke3 Kc5 60. Bd3 Ne7 61. Bc4 Nc8 62. Kf2 Nd6 63. Ke2 Rh6 64. Kd3 Rh4 65. Ke2 Kd4 66. Rd3+ Ke4 67. Rf3 Kd4 68. Kd2 Rh6 69. Ke2 Nxc4 70. Rd3+ Ke4 71. bxc4 Rd6 72. h4 Kxf4 73. Rf3+ Kg4 74. Ke3 Kxh4 75. Rxf5 Rg6 76. Re5 Rg3+ 77. Kd4 Rg1 78. Re6 Rd1+ 79. Ke5 Re1+ 80. Kd6 Rc1 81. Re4+ Kg5 82. Ke6 Rh1 83. d6 Rh6+ 84. Kd5 Rh1 85. d7 Kf5 86. d8Q 1-0